Szczegóły MARC21

Studenckie debaty o ekonomii społecznej : praca zbiorowa /

003 -Nazwa inst., której nr kontr. jest w polu 001 [,]
    • @
    • Nazwa instytucji, której n kontrolny jest w polu 001
    • NUKAT
005 -DATA I CZAS OSTATNIEJ MODYFIKACJI [,]
    • @
    • pole kontrolne
    • 20241231090144.0
020 -Międzynarod. znormalizowany nr książki - ISBN [ , ]
    • a
    • Numer ISBN
    • 9788387249298 Find
020 -Międzynarod. znormalizowany nr książki - ISBN [ , ]
    • a
    • Numer ISBN
    • 9788387249397 Find
040 -Instytucja sporządzająca opis [ , ]
    • a
    • Instytucja, która sporządziła opis (NP)
    • SZCZ U/JS
    • b
    • Język katalogowania
    • pol
    • e
    • Zasady katalogowania
    • rda
    • c
    • Instytucja, która sporządziła rekord (NP)
    • SZCZ U/JS
    • d
    • Instytucja, która zmodyfikowała rekord (P)
    • SZCZ U/MSZ
    • d
    • Instytucja, która zmodyfikowała rekord (P)
    • SZCZ U/AB
    • d
    • Instytucja, która zmodyfikowała rekord (P)
    • SZCZ U/MC
942 -Rodzaj dokumentu [ , ]
    • c
    • Rodzaj dokumentu
    • Książka
245 -Strefa tytułu i oznaczenia odpowiedzialności [0,0]
    • a
    • Tytuł
    • Studenckie debaty o ekonomii społecznej : Find
    • b
    • Ciąg dalszy tytułu (NP)
    • praca zbiorowa / Find
    • c
    • Pozostałe elementy strefy tytułu i oznaczenia odpowiedzialności (NP)
    • pod redakcją Henryka Babisa ; Polskie Towarzystwo Ekonomiczne. Oddział Wojewódzki w Szczecinie.
260 -Strefa adresu wydawniczego [ , ]
    • a
    • Miejsce wydania (P)
    • Szczecin :
    • b
    • Nazwa wydawcy (P)
    • Polskie Towarzystwo Ekonomiczne. Oddział Wojewódzki,
    • c
    • Data wydania (P)
    • 2013.
300 -Strefa opisu fizycznego [ , ]
    • a
    • Określenie formy książki i/lub objętość (NP)
    • 159 stron :
    • b
    • Oznaczenie ilustracji (NP)
    • ilustracje ;
    • c
    • Format (NP)
    • 24 cm.
336 -Typ zawartości [ , ]
    • a
    • Termin opisujący typ zawartości
    • Tekst
    • b
    • Kod określający zawartość
    • txt
    • 2
    • Źródło (terminu i kodu)
    • rdacontent
337 -Typ mediów [ , ]
    • a
    • Tryb odtwarzania
    • Bez urządzenia pośredniczącego
    • b
    • Kod typu mediów
    • n
    • 2
    • Źródło (terminu i kodu)
    • rdamedia
338 -Typ/rodzaj nośnika [ , ]
    • a
    • Hasło opisujące typ nośnika
    • Wolumin
    • b
    • Kod typu nośnika
    • nc
    • 2
    • Źródło (terminu i kodu)
    • rdacarrier
490 -Strefa serii i książki wielotomowej - forma nie do wyszukiwania [1, ]
    • a
    • Tytuł (P)
    • Zeszyt Naukowy / Polskie Towarzystwo Ekonomiczne. Odział Wojewódzki w Szczecinie ; Find
    • v
    • Numeracja (P)
    • nr 2
830 -Hasło dodatkowe serii i opisu książki wielotomowej - tytuł ujednolicony/tytuł [ ,0]
    • a
    • Tytuł ujednolicony/tytuł (NP)
    • Zeszyt Naukowy - Polskie Towarzystwo Ekonomiczne. Oddział Wojewódzki w Szczecinie
    • v
    • Oznaczenie tomu (NP)
    • nr 2
    • 9
    • KHW
    • 90004
500 -Uwaga ogólna [ , ]
    • a
    • Uwaga ogólna (NP)
    • Na stronie redakcyjnej błędnie przypisany ISBN 9788387249298 (dotyczy innego tytułu: "Zarządzanie podmiotami ekonomii społecznej").
504 -Uwaga dot. bibliogr. załącznikowej [ , ]
    • a
    • Uwaga dot. bibliografii załącznikowej
    • Bibliografia przy rozdziałach.
536 -Uwaga dot. finansowania książki [ , ]
    • a
    • Tekst uwagi
    • Publikacja powstała w ramach projektu "Ośrodki Wsparcia Ekonomii Społecznej", dofinansowanego ze środków Europejskiego Funduszu Społecznego w ramach działania 7.2 Przeciwdziałanie wykluczeniu i wzmocnienie sektora ekonomii społecznej, poddziałania 7.2.2. Wsparcie ekonomii społecznej, Programu Operacyjnego Kapitał Ludzki
080 -Uniwersalna Klasyfikacja Dziesiętna [ , ]
    • 2
    • Identyfikator wydania tablic
    • UDC-P058
    • 9
    • UKD
    • 2950
    • a
    • Symbol klasyfikacji
    • 330.162
    • b
    • Dopowiedzenie
    • Etyka gospodarcza. Etyka biznesu.
650 -Hasło przedmiotowe [ ,7]
    • a
    • Hasło przedmiotowe
    • Ekonomia społeczna
    • z
    • Określnik geograficzny
    • Polska
    • y
    • Określnik chronologiczny
    • 1990-.
    • 2
    • Źródło terminu
    • kaba
    • 9
    • KHW
    • 351583
980 -Symbol UKD [ , ]
    • a
    • UKD
    • 330.162
700 -Hasło dodatkowe - nazwa osobowa [1, ]
    • a
    • Nazwa osobowa (NP)
    • Babis, Henryk. Find
    • e
    • Określenie rodzaju współpracy
    • Redakcja
    • 9
    • KHW
    • 79
710 -Hasło dodatkowe - nazwa ciała zbiorowego [2, ]
    • a
    • Nazwa ciała zbiorowego lub nazwa geograficzna jako pierwszy element (NP)
    • Polskie Towarzystwo Ekonomiczne.
    • b
    • Nazwa jednostki podrzędnej (P)
    • Oddział Wojewódzki (Szczecin).
    • e
    • Rodzaj współpracy
    • Instytucja sprawcza
    • e
    • Rodzaj współpracy
    • Wydawca
    • 4
    • Kod relacji
    • pbl
    • 9
    • KHW
    • 56813
920 -ISBN [ , ]
    • a
    • ISBN
    • 978-83-87249-29-8 Find
920 -ISBN [ , ]
    • a
    • ISBN
    • 978-83-87249-39-7 Find
Data inwentaryzacji Lokalizacja Sygnatura Numer inwentarzowy Status udost.
2019-03-07BE E.78925-2
2019-03-07BE S.96001-2
2014-07-10TT.18111T.18111-2
2014-07-10TTM.11478TM.11478-2
2014-07-10TTM.11479TM.11479-3